| 000 | 00961nam a2200241Ia 4500 | ||
|---|---|---|---|
| 999 |
_c38287 _d38287 |
||
| 001 | 4295 | ||
| 003 | GE_BSU | ||
| 005 | 20191010112122.0 | ||
| 008 | 181216s2001||||ge |||||||||||||| ||geo|| | ||
| 020 | _a9992884959 | ||
| 040 | _cGE_BSU | ||
| 041 | _ageo | ||
| 080 | _a821.353.1.09 ჯ–29 | ||
| 100 |
_aჯაყელი, ჯემალ _94313 |
||
| 245 |
_aლიტერატურა და ხალხური საუნჯე. _cრედ. ლალი კონცელიძე. |
||
| 264 |
_aბათუმი : _bაჭარა, _c2001. |
||
| 300 |
_a422 გვ. ; _b20 სმ. |
||
| 504 | _aბიბლიოგრ. ტექსტის შენიშვნ. | ||
| 653 | _aქართული ლიტერატურა; | ||
| 653 | _aქართული ხალხური ლიტერატურა; | ||
| 700 |
_aკონცელიძე, ლალი _eრედაქტორი _92058 |
||
| 942 |
_cBK _2udc |
||